Statistics for San Marino True or False?

Click here to take the quiz!

General Stats

  • This quiz has been taken 237 times
  • The average score is 11 of 15

Answer Stats

QuestionAnswer% Correct
San Marino is the smallest country in Europe.False
94%
San Marino is surrounded by France.False
94%
Latin is the official language in San Marino.False
93%
San Marino currency is euro.True
91%
One of the biggest source of revenue in San Marino is stamps and coins business.True
84%
San Marino is the oldest republic in the world (without interruption).True
83%
There are more vehicles than people in San Marino.True
75%
Altitude is never higher than 100 m in San Marino.False
72%
San Marino residents are called "Sanmarinish".False
71%
Abraham Lincoln sent a letter to San Marino when he was elected.True
69%
Rules to enter in San Marino are very strict.False
64%
There is a San Marino Grand Prix.True
59%
Eagle is the national animal of San Marino.False
55%
San Marino is the least guessed European country at the Countries of the World Quiz.True
54%
Gianluigi Buffon, the famous goalkeeper, was born in San Marino.False
49%

Score Distribution

Percentile by Number Answered

Percent of People with Each Score

Your Score History

You have not taken this quiz